Энергосбережение. Энергоэкономичные электротехнические изделия и оборудование. Энергоэкономичные электротехнические изделия: каталог 00.31.02 - 03

Bibliografiska uppgifter
Institutionell upphovsman: Институт промышленного развития "Информэлектро"
Övriga upphovsmän: дмитриева М. А. (составитель)
Språk:ryska
Publicerad: Москва, Информэлектро, 2003
Ämnen:
Materialtyp: MixedMaterials Bok
KOHA link:https://koha.lib.tpu.ru/cgi-bin/koha/opac-detail.pl?biblionumber=114706

MARC

LEADER 00000nam0a2200000 4500
001 114706
005 20231031122333.0
010 |a 5780102791 
035 |a (RuTPU)RU\TPU\book\124054 
035 |a RU\TPU\book\123608 
090 |a 114706 
100 |a 20070425d2003 k y0rusy50 ca 
101 0 |a rus 
102 |a RU 
105 |a a b 000zy 
200 1 |a Энергосбережение. Энергоэкономичные электротехнические изделия и оборудование. Энергоэкономичные электротехнические изделия  |e каталог 00.31.02 - 03  |f Институт промышленного развития "Информэлектро"; сост. М. А. дмитриева 
210 |a Москва  |c Информэлектро  |d 2003 
215 |a 32 с.  |c ил. 
610 1 |a каталоги 
610 1 |a энергосбережение 
610 1 |a изготовители 
610 1 |a разработчики 
610 1 |a технические характеристики 
610 1 |a вакуумные выключатели 
610 1 |a контроллеры 
610 1 |a реле времени 
610 1 |a регуляторы напряжения 
610 1 |a трансформаторы напряжения 
675 |a 620.9:658.5(085)  |v 3 
702 1 |a дмитриева  |b М. А.  |4 220 
712 0 2 |a Институт промышленного развития "Информэлектро"  |2 stltpush  |3 (RuTPU)RU\TPU\col\3923 
801 1 |a RU  |b 63413507  |c 20070420  |g PSBO 
801 2 |a RU  |b 63413507  |c 20070425  |g PSBO 
942 |c BK